| 000 | 00572nam a22002057a 4500 | ||
|---|---|---|---|
| 001 | 32562 | ||
| 003 | BD-RjUL | ||
| 005 | 20211209051845.0 | ||
| 008 | 140427s190? pk ||||| |||| 00| 0 eng d | ||
| 035 | _a(BD-RjUL)32651 | ||
| 040 |
_aBD-RjUL _beng _cBD-RjUL |
||
| 041 | _aeng | ||
| 082 | 0 | 4 |
_a297.924 _bKHH 190 ? |
| 100 | 1 |
_aMohammed Akbar Khan _999048 |
|
| 245 | 1 |
_aHazrat Ali as an Amir / _c Khan Mohammed Akbar |
|
| 260 |
_aKarachi : _c190? . |
||
| 300 |
_a44 p. ; _c17 cm. |
||
| 650 | 0 |
_aʻAlī ibn Abī Ṭālib, -- Caliph, -- 600 (ca.)-661. _999049 |
|
| 942 |
_2ddc _cBK |
||
| 999 |
_c32562 _d32562 |
||